Atlas général Larousse

Đã lưu trong:
Bibliografiske detaljer
Format: Bog
Sprog:Undetermined
Udgivet: Paris Larousse 1959
Fag:
Tags: Tilføj Tag
Ingen Tags, Vær først til at tagge denne postø!
Thư viện lưu trữ: Trung tâm Học liệu Trường Đại học Cần Thơ
LEADER 00401nam a2200157Ia 4500
001 CTU_26753
008 210402s9999 xx 000 0 und d
082 |a 910.3 
082 |b A881 
245 0 |a Atlas général Larousse 
260 |a Paris 
260 |b Larousse 
260 |c 1959 
650 |a geography,atlases 
904 |i Minh, 981020 
980 |a Trung tâm Học liệu Trường Đại học Cần Thơ